al-Muʻtamid ibn ʻAbbād (Record no. 47399)

MARC details
000 -LEADER
fixed length control field 00623cam a22002171 4500
001 - CONTROL NUMBER
control field ne 64002321
003 - CONTROL NUMBER IDENTIFIER
control field DLC
005 - DATE AND TIME OF LATEST TRANSACTION
control field 20260227111804.0
008 - FIXED-LENGTH DATA ELEMENTS--GENERAL INFORMATION
fixed length control field 820106s1963 le b 000 0barar
010 ## - LIBRARY OF CONGRESS CONTROL NUMBER
LC control number ne 64002321
035 ## - SYSTEM CONTROL NUMBER
System control number (OCoLC)8043440
040 ## - CATALOGING SOURCE
Original cataloging agency DLC
Transcribing agency TU
Modifying agency TU
-- DLC
042 ## - AUTHENTICATION CODE
Authentication code premarc
050 00 - LIBRARY OF CONGRESS CALL NUMBER
Classification number DP402.S44
Item number M8
100 1# - MAIN ENTRY--PERSONAL NAME
Personal name Marʻashlī, Nadīm.
245 13 - TITLE STATEMENT
Title al-Muʻtamid ibn ʻAbbād
Statement of responsibility, etc. [taʼlīf] Nadīm Marʻashlī.
260 ## - PUBLICATION, DISTRIBUTION, ETC.
Place of publication, distribution, etc. Bayrūt,
Name of publisher, distributor, etc. Dār al-Kitāb al-ʻArabī
Date of publication, distribution, etc. [1963]
300 ## - PHYSICAL DESCRIPTION
Extent 159 p.
Dimensions 21 cm.
504 ## - BIBLIOGRAPHY, ETC. NOTE
Bibliography, etc. note Bibliography: p. 159.
600 00 - SUBJECT ADDED ENTRY--PERSONAL NAME
Personal name Muʻtamid,
Titles and other words associated with a name King of Seville,
Dates associated with a name 1039-1095.

No items available.

Powered by Koha